00385nam a2200181Ia 4500003000900000008004100009040001300050040001300063041000800076100001600084245002800100250001200128260001200140260000900152300001000161490002600171490000600197IT-RoPAU120407s9999 xx 000 0 und d aIT-RoPAU cIT-RoPAU aita aJoseph Gill aIl Concilio di Firenze. aFirenze aSansoni c1967 c23 cm aBiblioteca storica,45 v1